Представление документа в формате RUSMARC

ПолеНазваниеЗначение
  Тип записи a
  Библиографический уровень m
001 Контрольный номер 68e6ac3985644033b706a910186452e6
005 Дата корректировки 20201206205142.7
010 Индекс ISBN __
a ISBN 978-5-4444-6597-4 (в пер.)
d Цена 322-00, 1000 экз.
100 Данные общей обработки __
a Данные общей обработки 19180828d2018||||||| 0rusy0189 ca
101 Язык документа 0_
a Язык текста rus
102 Страна публикации __
a Страна публикации ru
102 Страна публикации __
a Страна публикации ru
105 Кодированные данные (монография) __
a Кодированные данные (монография) |||||||||00zy
200 Заглавие и сведения об ответственности 1_
a Заглавие По ложному следу
e Сведения, относящиеся к заглавию [роман]
f Первые сведения об ответственности Сергей Бортников
b Общее обозначение материала Текст
210 Выходные данные __
a Место издания Москва
c Издательство Вече
d Дата издания 2018
215 Физическое описание __
a Объем 287 с.
d Формат 21 см
225 Серия __
a Серия Военные приключения
330 Аннотация __
a Аннотация Новая книга одного из ярких мастеров современной героической прозы, автора множества произведений на военную и приключенческую тематику. На её страницах читатель снова встретится с Ярославом Плечовым, учёным-философом, а "по совместительству" - оперуполномоченным Главного управления государственной безопасности, с его друзьями и врагами. В этот раз поиски золотых апостолов пройдут в небольшом волынском городке Олыка, где, как и в белорусском Несвиже, располагается родовой замок князей Радзивиллов, некогда владевших пропавшей реликвией.
333 Примечание о целевом назначении __
a Примечание о целевом назначении 12+. Для детей старше 12 лет
606 Тематические рубрики __
a Основная рубрика Художественная литература
606 Тематические рубрики __
a Основная рубрика Современная русская литература (произведения)
610 Ключевые слова __
a Ключевые слова приключенческие романы
a Ключевые слова проза
a Ключевые слова романы
a Ключевые слова современная проза
a Ключевые слова тема поиска
a Ключевые слова тема приключений
a Ключевые слова тема расследований
a Ключевые слова тема реликвий
686 Индексы других классификаций __
2 Код системы rubbks
a Классификационный индекс 84(2=411.2)6-4; ст84(2Рос=Рус)6-4
700 Автор _1
a Фамилия Бортников
b Имя С. И.
g Полное личное имя Сергей Иванович
4 Код отношения 070
801 Источник записи _0
a Страна ru
b Организация Муниципальное бюджетное учреждение культуры "Централизованная библиотечная система" г. Сургут (Центральная городская библиотека им. А. С. Пушкина)
c Дата составления 20180828
g Правила каталогизации rpk
801 Источник записи _1
a Страна ru
b Организация Муниципальное бюджетное учреждение культуры "Централизованная библиотечная система" г. Сургут (Центральная городская библиотека им. А. С. Пушкина)
c Дата составления 20180828
g Правила каталогизации rpk
852 Данные о местонахождении __
j Шифр хранения 84(2=411.2)6-4
i Авторский знак Б 83
901 Тип документа __
t Тип документа m
a Ответственный ООФиК/Волкова
903 Характеристики (МАРС) __
a Дата передачи 20180828
990 Данные о заказе (DOS) __
j Количество экземпляров (DOS) 7
t N записи в КСУ для И/У (DOS) 201809